Estampas del norte
Gardado en:
| Autor Principal: | |
|---|---|
| Formato: | Libro |
| Idioma: | Lingua castelá |
| Publicado: |
Mendoza
Oeste
1944
|
| Subjects: | |
| Tags: |
Engadir etiqueta
Sen Etiquetas, Sexa o primeiro en etiquetar este rexistro!
|
MARC
| LEADER | 00000nam a2200000 a 4500 | ||
|---|---|---|---|
| 001 | UCZ6658 | ||
| 003 | CL-VaPUC | ||
| 008 | 951214e19440000AG |||||||||||||||||spa|d | ||
| 082 | 0 | 4 | |a 808.883 |b CAJ |2 21 |
| 100 | 0 | |a Cajal, Alberto |e author |9 351087 | |
| 245 | 1 | 0 | |a Estampas del norte |
| 300 | |a 87 p | ||
| 942 | |c BK | ||
| 945 | |d 19951214 00:00:00 |a rleighto | ||
| 260 | |a Mendoza |b Oeste |c 1944 | ||
| 650 | 0 | |a Autobiografías |9 265171 | |
| 583 | |a last modification |c 19951214 00:00:00 |k Rodrigo Vera | ||
| 999 | |c 242850 |d 242848 | ||
| 952 | |0 0 |1 0 |4 0 |6 808_883000000000000_CAJ_1944 |7 0 |8 A |9 256099 |a BIBEDU |b BIBEDU |d 2019-11-19 |i 3160564 |o 808.883 CAJ 1944 |p 3160564 |r 2019-11-19 |w 2019-11-19 |y BK |k LIT | ||